Human communication /

Human communication; Verbal and nonverbal messages; Conflict negotiation; Ethics; Intercultural communication; Interviewing; Public speaking; Mass communication.

Shranjeno v:
Bibliografske podrobnosti
Glavni avtor: Tubbs, Stewart L.
Drugi avtorji: Moss, Sylvia.
Format: Knjiga
Jezik:English
Izdano: Boston : McGraw-Hill, 2000.
Izdaja:8th ed.
Teme:
Oznake: Označite
Brez oznak, prvi označite!
Thư viện lưu trữ: Mạng thư viện Đại học Đà Nẵng
LEADER 01199cam a2200409 i 4500
001 000045084
003 4205
005 20030225111838.0
008 010220|2000 vm 000 eng
020 |a 0072292679 
040 |a IRC  |c IRC  |d IRC 
041 0 |a eng 
082 1 4 |a 302.2  |b TU-S 
100 1 |a Tubbs, Stewart L. 
245 0 0 |a Human communication /  |c Stewart L. Tubbs, Sylvia Moss. 
250 |a 8th ed. 
260 |a Boston :  |b McGraw-Hill,  |c 2000. 
300 |a 530p. :  |b ill. ;  |c 24cm. 
520 3 |a Human communication; Verbal and nonverbal messages; Conflict negotiation; Ethics; Intercultural communication; Interviewing; Public speaking; Mass communication. 
630 0 4 |a Communication. 
630 0 4 |a Human communication. 
630 0 4 |a Public speaking. 
630 0 4 |a Intercultural communication. 
650 0 4 |a Intercultural communication. 
650 0 4 |a Communication. 
650 0 4 |a Human communication. 
700 1 |a Moss, Sylvia. 
OWN |a DUT 
999 |a From the UDN01 
TYP |a Monograph 
TYP |a Printed language 
980 |a Mạng thư viện Đại học Đà Nẵng